000 00714nam a22002057a 4500
999 _c19338
_d19338
003 AR-CdUCM
008 190517b ||||| |||| 00| 0 sp d
040 _aMUNICIPALIDAD PROVINCIAL DEL CUSCO
_cBIBLIOTECA MUNICIPAL DEL CUSCO
082 _a985.093 /
_bES82
100 _aEstuardo Cornejo, Raul
_940621
245 _aVelasco o el proceso de una revolución /
260 _aLima :
_bCEPEID,
_c1969.
300 _a212 páginas ;
_c25 cm.
505 _aRostro de un País -- El proceso de una revolución -- El conducor de la revolicón --Documentos para la historia del Perú...
650 _aReforma agraria.
_91861
650 _aVelasco.
_93188
650 _aPerú.
_935
942 _2ddc
_cLIBROS
945 _awfj